000
00250nam a22001097a 4500
082
_a
621.381528 MUH'P
100
_a
MUHAMMAD, BASHIR
_9
75147
245
_a
PRACTICAL TRANSISTOR RADIO
260
_a
LAHORE
_b
MARKAZI
_c
1982
300
_a
84P
942
_c
BK
999
_c
580627
_d
580627